Catholic missions in California - Statistics

General Stats
  • This quiz has been taken 26 times
  • The average score is 25 of 42
Answer Stats
Year Area Answer type Answer % Correct
1776 Bay Area City name San Francisco
95%
1776 Bay Area Mission name San Francisco de Asís
95%
1797 Bay Area Mission name San José
90%
1791 Central Coast/Bay Area Mission name Santa Cruz
90%
1791 Central Coast/Bay Area City name Santa Cruz
90%
1769 Southern City name San Diego
80%
1769 Southern Mission name San Diego de Alcalá
80%
1786 Southern/Central Coast Mission name Santa Barbara
80%
1786 Southern/Central Coast City name Santa Barbara
80%
1777 Bay Area City name Santa Clara
80%
1777 Bay Area Mission name Santa Clara de Asís
80%
1797 Southern City name Los Angeles
75%
1772 Central Coast City name San Luis Obispo
75%
1772 Central Coast Mission name San Luis Obispo de Tolosa
70%
1776 Southern Mission name San Juan Capistrano
65%
1776 Southern City name San Juan Capistrano
65%
1797 Central Coast City name San Miguel
65%
1797 Central Coast Mission name San Miguel Arcángel
60%
1797 Southern Mission name San Fernando Rey de España
55%
1771 Southern City name San Gabriel
55%
1771 Southern Mission name San Gabriel Arcángel
55%
1797 Central Coast/Bay Area Mission name San Juan Bautista
55%
1797 Central Coast/Bay Area City name San Juan Bautista
55%
1770 Central Coast City name Carmel-by-the-Sea
50%
1823 Bay Area City name Sonoma
50%
1782 Southern/Central Coast City name Ventura
50%
1817 Bay Area City name San Rafael
45%
1817 Bay Area Mission name San Rafael Arcángel
45%
1804 Southern/Central Coast City name Solvang
45%
1797 Bay Area City name Fremont
40%
1791 Central Coast Mission name Nuestra Señora de la Soledad
40%
1798 Southern City name Oceanside
40%
1771 Central Coast Mission name San Antonio de Padua
40%
1782 Southern/Central Coast Mission name San Buenaventura
40%
1770 Central Coast Mission name San Carlos Borromeo de Carmelo
40%
1804 Southern/Central Coast Mission name Santa Inés
40%
1791 Central Coast City name Soledad
40%
1787 Southern/Central Coast City name Lompoc
35%
1823 Bay Area Mission name San Francisco Solano
35%
1798 Southern Mission name San Luis Rey de Francia
35%
1771 Central Coast City name Jolon
30%
1787 Southern/Central Coast Mission name La Purísima Concepción
30%
No matching quizzes found
Score Distribution
Percent of People with Each Score
Percentile by Number Answered
Your Score History
You have not taken this quiz